000 00730nam a22002177a 4500
003 UA-OsUOA
001 134683
007 ta
008 20181210b un ||||| |||| 00| 0 ukr d
100 _aЧадюк М.
090 _a82
_bЧ-13
942 _cSA
040 _aUA-OsUOA
_bukr
_cUA-OsUOA
_dUA-OsUOA
245 _aІсторія про мрії, випробовування і пам'ять. Київські адреси "Розстріляного Відродження" (Підмогильного, Плужника і Косинки)
300 _aС.23-24
955 _a0
041 _aukr
080 _a82
773 0 _w134679
650 7 _a82 Література. Літературознавство
_2UDC
999 _c423400
_d423400